00283nam a2200121Ia 45000030006000000080041000060400015000471000023000622450021000852600026001065460012001320050017001440STCL150530s9999 xx 000 0 und d aSTCLcSTCL aJoyce; MacCabe; Ed aNew perspectives bHarvester pressc1977 aEnglish20220125170829.0